Statistics for Canadian Cities - What Time Is It #1

Click here to take the quiz!

General Stats

  • This quiz has been taken 10 times
  • The average score is 5 of 8

Answer Stats

CityTime (00:00)% Correct
Vancouver11:00
100%
Montreal14:00
88%
Yellowknife12:00
75%
London14:00
75%
Calgary12:00
75%
Halifax15:00
75%
St John's15:30
13%
Whitehorse11:00
0%

Score Distribution

Percentile by Number Answered

Percent of People with Each Score

Your Score History

You have not taken this quiz